| 000 | 00839nam a22002297a 4500 | ||
|---|---|---|---|
| 999 |
_c19819 _d19819 |
||
| 003 | AR-CdUCM | ||
| 008 | 190307b ||||| |||| 00| 0 spa d | ||
| 020 | _a9688160229 | ||
| 040 |
_aMUNICIPALIDAD PROVINCIAL DEL CUSCO _cBIBLIOTECA MUNICIPAL DEL CUSCO |
||
| 082 |
_a343.27 / _bF29 |
||
| 110 |
_aDepartamento del Distrito Federal _912486 |
||
| 245 | _aConstitución política de 1917 / | ||
| 260 |
_aMéxico : _bDepartamento del Distrito Federal , _c1984. |
||
| 300 |
_a170 páginas ; _c21 cm. |
||
| 440 |
_aColección conciencia cívica nacional _n10 _941446 |
||
| 505 | _aContenido : Homenaje a la constitución política de 1917 -- Actualidad histórica del constitucionalismo... | ||
| 650 |
_aHistoria de México _919 |
||
| 650 |
_aCrónicas _9247 |
||
| 650 |
_aFilosofía política _914747 |
||
| 942 |
_2ddc _cLIBROS |
||
| 945 | _arcc | ||